|
|
|
|
| LEADER |
00000cam a2200000 a 4500 |
| 001 |
vtls001372423 |
| 003 |
SK-MaSNL |
| 005 |
20260302020319.0 |
| 008 |
240226s1999 xo 000 p slo |
| 015 |
|
|
|a SNBA1999/11-04303
|
| 020 |
|
|
|a 8088965039
|
| 035 |
|
|
|a SNK000326273
|
| 035 |
|
|
|a urn:nbn:sk:snk-am3hocn
|
| 035 |
|
|
|a 053C02F5-51BD-4895-A095-F80419EBDF96
|
| 035 |
|
|
|a urn:nbn:sk:snk-am00cvbp
|
| 040 |
|
|
|a SNK
|b slo
|c SNK
|e AACR2
|
| 041 |
0 |
|
|a slo
|
| 044 |
|
|
|a xo
|c SK
|
| 080 |
|
|
|a 885.4-1
|2 1981
|
| 100 |
1 |
|
|a Habaj, Michal,
|d 1974-
|4 aut
|9 97738
|
| 245 |
1 |
0 |
|a Gymnazistky
|b prázdniny trinásťročnej
|c Michal Habaj
|
| 260 |
|
|
|a Banská Bystrica
|b Drewo a srd
|c 1999
|
| 300 |
|
|
|a 76 s.
|c 15 cm
|
| 650 |
0 |
7 |
|a slovenská literatúra
|2 SNKPH
|9 1115
|
| 650 |
0 |
7 |
|a básne v próze
|2 SNKPH
|9 633409
|
| 655 |
|
7 |
|a slovenská poézia
|2 SNKPH
|9 70444
|
| 919 |
|
|
|a 80-88965-03-9
|
| 954 |
|
|
|a beletria pôvodná (slovenská)
|2 lita
|
| 958 |
|
|
|a TL
|
| 958 |
|
|
|a LX
|
| 999 |
|
|
|c 1024641
|d 1026571
|
| 952 |
|
|
|t P60, <03>, [BOOK], {603}
|a SNK
|b SNK
|y PREZ
|7 0
|p 17A0208685
|o snkSE 9684
|i snkKSP 9083/99
|0 0
|1 0
|4 0
|d 1999-09-16
|f 1
|l 0
|r 2005-01-02 00:00:00
|w 2026-02-24
|
| 952 |
|
|
|t P60, <04>, [BOOK], {604}
|a SNK
|b SNK
|y VYP
|7 0
|p 17A0208686
|o snkSE 9684 D1
|i snkKSP 9084/99
|0 0
|1 0
|4 0
|d 1999-09-16
|l 0
|r 2005-01-02 00:00:00
|w 2026-02-24
|